000 00818cas a2200229 i 4500
005 20170522120255.0
008 050629c20049999enkfr p 0 a0eng
022 0 _a1811-8712
_y0965-2582
_z1748-1341
040 _aUk
_cUk
_dUk
_dUkOxU
_dCO-BoIAVH
041 0 _aeng
044 _axxu
090 _aSE
245 0 0 _aBotanic gardens conservation news
260 _aOxford (EE.UU) :
_bBotanic Gardens Conservation International,
_c1989?.
300 _bilustraciones y retratos ;
_c30 x 21 cm
310 _az
650 2 6 _aPlantas
_xConservación
_vPublicaciones periódicas
650 2 6 _aJardínes botánicos
_xPublicaciones periódicas
710 2 _aBotanic Gardens Conservation International
785 0 0 _aBGjournal : journal of Botanic Gardens Conservation International.
942 _2z
_cREVISTA
999 _c16772
_d16772